Děti občanské války : studie z dějin řeckých dětí v Československu 1948-1962 /

Hlavní autor: Botu, Antula, 1952-
Další autoři: Konečný, Milan, 1938-
Jazyk: Čeština
Vydáno: [Praha] : Klub přátel Řecka, z.s., [2023]
Vydání: Vydání první
Témata:
Fyzický popis: 455 stran : ilustrace, portréty, faksimile ; 31 cm
Language note: České, německé, řecké a anglické resumé
Knihy
Uloženo v:
LEADER 03510nam a2200853 i 4500
001 nkc20233492298
003 CZ PrNK
005 20230518091040.0
007 ta
008 230106s2023 xr ach e 001 0dcze
015 |a cnb003492298 
020 |a 978-80-11-02661-5  |q (vázáno) 
035 |a (OCoLC)1381700728 
040 |a BOA001  |b cze  |d ABA001  |e rda 
041 0 |a cze  |b cze  |b eng  |b ger  |b gre 
043 |a e-gr---  |a e-cs--- 
045 |a x4x6 
072 7 |a 325  |x Mezinárodní migrace, exil, kolonizace  |2 Konspekt  |9 15 
080 |a 94(495)"1946/1949"  |2 MRF 
080 |a (=14)  |2 MRF 
080 |a 314.15-026.44  |2 MRF 
080 |a 314.15-026.48  |2 MRF 
080 |a 314.151.3-054.73-053.2  |2 MRF 
080 |a 341.232  |2 MRF 
080 |a 364-5-054.73  |2 MRF 
080 |a 364-54-053.2  |2 MRF 
080 |a 364-786-054.72  |2 MRF 
080 |a 341.231.14:316.812  |2 MRF 
080 |a (495)  |2 MRF 
080 |a (437)  |2 MRF 
080 |a (048.8)  |2 MRF 
080 |a (082.2)  |2 MRF 
100 1 |a Botu, Antula,  |d 1952-  |7 pna2006327173  |4 aut 
245 1 0 |a Děti občanské války :  |b studie z dějin řeckých dětí v Československu 1948-1962 /  |c Antula Botu, Milan Konečný 
246 3 0 |a Studie z dějin řeckých dětí v Československu 1948-1962 
250 |a Vydání první 
264 1 |a [Praha] :  |b Klub přátel Řecka, z.s.,  |c [2023] 
300 |a 455 stran :  |b ilustrace, portréty, faksimile ;  |c 31 cm 
336 |a text  |b txt  |2 rdacontent 
336 |a statický obraz  |b sti  |2 rdacontent 
337 |a bez média  |b n  |2 rdamedia 
338 |a svazek  |b nc  |2 rdacarrier 
504 |a Obsahuje bibliografii, bibliografické odkazy a rejstřík 
546 |a České, německé, řecké a anglické resumé 
648 4 |a 1948-1962 
648 7 |a 1948-1968  |7 ch460677  |2 czenas 
650 0 7 |a řecká občanská válka (1946-1949)  |7 ph337774  |2 czenas 
650 0 7 |a Řekové  |7 ph128073  |x emigrace a imigrace  |y 1948-1968  |2 czenas 
650 0 7 |a imigrace  |7 ph137595  |z Československo  |y 1948-1968  |2 czenas 
650 0 7 |a nezletilí uprchlíci  |7 ph1036330  |z Řecko  |y 1948-1968  |2 czenas 
650 0 7 |a humanitární pomoc  |7 ph120944  |z Československo  |y 1948-1968  |2 czenas 
650 0 7 |a azylová zařízení  |7 ph855638  |z Československo  |y 1948-1968  |2 czenas 
650 0 7 |a dětské domovy  |7 ph119726  |z Československo  |y 1948-1968  |2 czenas 
650 0 7 |a integrace imigrantů  |7 ph164956  |z Československo  |y 1948-1968  |2 czenas 
650 0 7 |a slučování rodin  |7 ph291727  |z Řecko  |y 1948-1968  |2 czenas 
650 0 9 |a Greek civil war (1946-1949)  |2 eczenas 
650 0 9 |a Greeks  |x emigration and immigration  |y 1948-1968  |2 eczenas 
650 0 9 |a immigration  |z Czechoslovakia  |y 1948-1968  |2 eczenas 
650 0 9 |a minor refugees  |z Greece  |y 1948-1968  |2 eczenas 
650 0 9 |a humanitarian assistance  |z Czechoslovakia  |y 1948-1968  |2 eczenas 
650 0 9 |a asylum centres  |z Czechoslovakia  |y 1948-1968  |2 eczenas 
650 0 9 |a children's homes  |z Czechoslovakia  |y 1948-1968  |2 eczenas 
650 0 9 |a integration of immigrants  |z Czechoslovakia  |y 1948-1968  |2 eczenas 
650 0 9 |a family reunification  |z Greece  |y 1948-1968  |2 eczenas 
655 7 |a monografie  |7 fd132842  |2 czenas 
655 7 |a jubilejní publikace  |7 fd131839  |2 czenas 
655 9 |a monographs  |2 eczenas 
655 9 |a jubilee books  |2 eczenas 
700 1 |a Konečný, Milan,  |d 1938-  |7 mzk2004220903  |4 aut 
910 2 |a BOA001  |b 4-1506.384 
990 |a BK 
995 |a 01 
991 |b 202304  |c NOV 
996 6 |b 2610936173  |c 4-1506.384  |l MZK  |r Sklad / do 1 hodiny  |n 3  |p p.v.  |w 001921421  |u 000010  |a 1  |e BOA001  |j MZK50  |s P